000 00678nam a22001817a 4500
003 OSt
008 260624b |||||||| |||| 00| 0 eng d
020 _a9789390425037
082 _a630.2084
_bK96A
245 _aAdvanced Technological Interventions in Agriculture and Allied Sectors for Livelihood Improvement/ edited by Pankaj Kumar, Santosh Kumar, Abhay Kumar
260 _aNew Delhi:
_bInternational Books & Periodicals Supply Service,
300 _axi, 324 p.
650 _aAgriculture and Related Technologies | Technology (Applied Sciences) | Agriculture
700 _a Kumar, Pankaj
700 _aKumar, Santosh
700 _aKumar, Abhay
942 _2ddc
_cBK
999 _c52275
_d52275